The temples and ritual of Asklepios at Epidauros and Athens / (Record no. 43476)

MARC details
000 -LEADER
campo de control de longitud fija 00483nam a2200157 i 4500
001 - NÚMERO DE CONTROL
campo de control 43476
003 - IDENTIFICADOR DE NÚMERO DE CONTROL
campo de control ES-MaACL
005 - FECHA Y HORA DE LA ÚLTIMA TRANSACCIÓN
campo de control 20230906160814.0
007 - CAMPO FIJO DE DESCRIPCIÓN FÍSICA--INFORMACIÓN GENERAL
campo de control de longitud fija t|
008 - DATOS DE LONGITUD FIJA--INFORMACIÓN GENERAL
campo de control de longitud fija 030317s1900 xxk ||||1| eng d
100 1# - ENTRADA PRINCIPAL--NOMBRE DE PERSONA
Nombre de persona Caton, Richard.
9 (RLIN) 37076
245 14 - MENCIÓN DEL TÍTULO
Título The temples and ritual of Asklepios at Epidauros and Athens /
Mención de responsabilidad, etc. by Richard Caton.
260 ## - PUBLICACIÓN, DISTRIBUCIÓN, ETC.
Lugar de publicación, distribución, etc. Liverpool :
Nombre del editor, distribuidor, etc. University Press,
Fecha de publicación, distribución, etc. 1900.
300 ## - DESCRIPCIÓN FÍSICA
Extensión 49 p., 1 plano pleg., 33 lám. :
Otras características físicas il. ;
Dimensiones 25 cm.
852 ## - LOCALIZACIÓN
Ubicación ES-MaACL
Número de control de estantería A-1190
Holdings
Estatus retirado Estado de pérdida Estado de daño No para préstamo Colección Biblioteca de origen Biblioteca actual Ubicación en estantería Fecha de adquisición Fuente de adquisición Total de préstamos Signatura topográfica completa Código de barras Visto por última vez Precio de reemplazo Tipo de ítem Koha
        Libros del s. XIX Biblioteca del Ateneo de Madrid Biblioteca del Ateneo de Madrid Sala Pecera Planta 1 17/01/2008     A-1190 1045771 23/02/2023 23/02/2023 Libro impreso antiguo